000 01946nam0a2200361 4500
001 RU\NLR\BIBL_A\022318778
005 20250804105557.0
010 _a978-5-4446-1927-8
_950
021 _aRU
_bКН-П-24-044678
_9КН-П-24-4444
035 _a(NLR Aleph) 022318778
090 _a13460719
_c13460719
100 _a20240911d2024 k y0rusy50 ca
101 0 _arus
102 _aRU
105 _aa z 110yy
181 0 _ai3
_baxxe
182 0 _an
200 1 _aСборник работ "Молодежной научно-технической конференции, 2023", посвященной 120-летию со дня рождения С. А. Косберга
_f[АО Конструкторское бюро Химавтоматики, Интегрированная структура НПО Энергомаш]
203 _aТекст
_bвизуальный
_cнепосредственный
210 _aВоронеж
_cНаучная книга
_d2024
215 _a305 с.
_cил., табл.
_d21
300 _aЗагл. обл.: Сборник работ Молодежной научно-технической конференции, 2023
320 _aБиблиогр. в конце ст.
512 1 _aСборник работ Молодежной научно-технической конференции, 2023
606 1 _aРакетостроение
_jСъезды, совещания и т.п
_92034497
_3RU\NLR\AUTH\66937442
686 1 _aО63я431
702 1 _aКосберг
_bС. А.
_f1903-1965
_gСемен Ариевич
_4280
710 1 2 _aМолодежная научно-техническая конференция, посвященная 120-летию со дня рождения С. А. Косберга
_eВоронеж
_f2023
_9887502
_3RU\NLR\AUTH\880615651
942 _cBOOK
980 _aNB